<?xml version="1.0" encoding="UTF-8"?>
<marc:record xmlns:marc="http://www.loc.gov/MARC21/slim">
   <marc:leader>00000nam a2200000 a 4500</marc:leader>
   <marc:datafield ind1="1" ind2=" " tag="100">
      <marc:subfield code="a">Bradford, Chris</marc:subfield>
      <marc:subfield code="4">aut</marc:subfield>
      <marc:subfield code="e">Verfasser/-in</marc:subfield>
   </marc:datafield>
   <marc:datafield ind1=" " ind2=" " tag="653">
      <marc:subfield code="a">Paperback</marc:subfield>
   </marc:datafield>
   <marc:datafield ind1=" " ind2=" " tag="653">
      <marc:subfield code="a">Leibwächter</marc:subfield>
   </marc:datafield>
   <marc:datafield ind1=" " ind2=" " tag="653">
      <marc:subfield code="a">Bodyguard</marc:subfield>
   </marc:datafield>
   <marc:datafield ind1=" " ind2=" " tag="653">
      <marc:subfield code="a">Autor &lt;England&gt;</marc:subfield>
   </marc:datafield>
   <marc:datafield ind1="0" ind2="0" tag="245">
      <marc:subfield code="a">Bodyguard - Das Lösegeld</marc:subfield>
   </marc:datafield>
   <marc:datafield ind1=" " ind2="1" tag="264">
      <marc:subfield code="b">cbj</marc:subfield>
      <marc:subfield code="c">2015</marc:subfield>
   </marc:datafield>
   <marc:datafield ind1="1" ind2=" " tag="490">
      <marc:subfield code="a">Bodyguard</marc:subfield>
   </marc:datafield>
   <marc:datafield ind1="1" ind2=" " tag="520">
      <marc:subfield code="a">Kidnapper haben auf hoher See die Jacht eines schwerreichen australischen Medienmoguls geentert und dessen Töchter in ihre Gewalt gebracht. Nun wollen sie ein Lösegeld in Millionenhöhe erpressen. Sie ahnen jedoch nicht, dass der so harmlos wirkende 14-Jährige, der sich ebenfalls an Bord befindet, in Wahrheit ein ausgebildeter Elitekämpfer ist. Plötzlich haben sie ein Problem. Denn Connor Reeves hat nicht die Absicht, klein beizugeben. Der zweite Auftrag in seiner Laufbahn als Bodyguard erweist sich als Duell auf Leben und Tod ...</marc:subfield>
   </marc:datafield>
   <marc:datafield ind1=" " ind2=" " tag="020">
      <marc:subfield code="a">9783570402764</marc:subfield>
      <marc:subfield code="9">9783570402764</marc:subfield>
   </marc:datafield>
</marc:record>
